Score 0/25 Timer 05:00
0 Plays Today
Clue Animal % Correct
Heaviest land animalElephant
84.9%
Widely used computer accessoryMouse
79.8%
Middle of a dart boardBullseye
79.8%
Napolean was one in the novel Animal FarmPig
77.3%
Animated animal voiced by Eddie Murphy in ShrekDonkey
75.6%
Frank Sinatra was a part of the ____ Pack in the 1960'sRat
72.3%
The 2nd largest city in New York StateBuffalo
71.4%
It is known as the 'ship of the desert'Camel
68.1%
Hit song by Survivor - Eye of the ____Tiger
64.7%
Ursine refers to which group of animalsBear
61.3%
Harper Lee novelTo Kill A Mockingbird
61.3%
Which sports brand sponsors Usain BoltPuma
57.1%
Created when small muscles contract and pull your hairsGoosebumps
52.9%
Clue Animal % Correct
Annually pardoned by the U.S presidentTurkey
51.3%
Famous ballroom danceFoxtrot
50.4%
Animal with the longest lifespanTortoise
49.6%
Bart Simpson phrase - Don't have a ___ manCow
47.9%
Tenerife and Fuerteventura are part of the _____ islandsCanary
43.7%
Shakespeare quote ' Let slip the ____ of war'Dogs
43.7%
Cheeta is a famousChimp
32.8%
Insect beginning with C which usually have 16 legsCaterpillar
31.9%
NFL team that play at Ford FieldDetroit Lions
31.1%
Carlos, 1970's Venezuelan terrorist was known as the ____Jackal
26.9%
2 word term for an obsessed individual from Fatal AttractionBunny boiler
21%
____ Island is located in the middle of Niagra FallsGoat
7.6%
Remove Ads.
Support Sporcle.
Get the best of Sporcle when you Go Orange. This ad-free experience offers more features, more stats, and more fun while also helping to support Sporcle. Thank you for becoming a member.

You're not logged in!

Compare scores with friends on all Sporcle quizzes.
OR
Log In

Show Comments

Extras

Created Nov 12, 2010ReportNominate
Tags:Animal Quiz

Top Quizzes Today


Score Distribution

Your Account Isn't Verified!

In order to create a playlist on Sporcle, you need to verify the email address you used during registration. Go to your Sporcle Settings to finish the process.

Report this User

Report this user for behavior that violates our Community Guidelines.

Details: